000 01642nam a22002057a 4500
005 20260519122304.0
020 _a9781041214779
041 _aENG
082 _a658.022
_bMUR
100 _aMurali, Vidya
245 _aHow to survive in a scale-up business :
_bmaster the human skills needed to thrive in young, high-growth businesses/
_cVidya Murali
250 _aIndian ed.
260 _aNew York :
_bRoutledge ,
_c2026.
300 _axii, 154 p. ;
_c22 cm.
504 _aincludes index and bibliographical references.
505 _aPart 1: Introduction -- 1. Why I wrote this book -- 2. Who this is book for -- 3. How to read this book -- Part 2: Scale-ups: Understand the space -- 4. What scale-ups are -- 5. Why scale-ups are important -- 6. Are scale-ups the right place for you? -- 7. What makes scale-ups particularly challenging to work in -- Part 3: Learn to navigate scale-ups like a pro -- 8. How to find and land the right job in the right scale-up -- 9. What to do in your first 90 days -- 10. How to manage common challenging/toxic patterns that stop you from thriving -- 11. Special note for founders/co-founders -- Part 4: Learn from real-life stories -- 12. Stories of struggles -- 13. Stories of thriving -- Part 5: Let’s focus on YOU -- 14. How to thrive when you are different: Introverts, HSPs, minorities, people with ADHD or dyslexia -- 15. How to navigate job loss -- 16. How to navigate a mental health breakdown -- 17. How to re(build) your emotional capacity -- 18. Conclusion: How to turn your insights into practice.
650 _aBusiness
_vHuman skills
650 _aGrowth
_vBusiness
942 _2ddc
_cBK
999 _c24347
_d24347